000 01284nam0a22003011 4500
001 rc\3182590
005 20260426030849.0
021 _aRU
_b75-41593
021 _aRU
_bРг8896-75
035 _a(NLR Aleph) 007335148
090 _a6050513
_c6050513
100 _a20120628d1975 |||y0rusy50 ca
101 0 _arus
102 _aRU
105 _ay c |||||
200 1 _aМетодические указания по бонитировке почв СССР
_eПроект
_fГос. НИИ земельных ресурсов МСХ СССР. Почв. ин-т им. В.В. Докучаева. ВАСХНИЛ
210 _aМосква
_cБ. и.
_d1975
215 _a[2], 59 с.
_d21
300 _aНа 2-й с.: разраб. Клопотовский А.П. и Карманов И.И.
532 1 2 _aМетодические указания по бонитировке почв Союза Советских Социалистических Республик
702 1 _aКарманов
_bИ.И.
_4570
702 1 _aКлопотовский
_bА.П.
_4570
712 0 2 _aНИИ земельных ресурсов
_cМытищи
_3RU\NLR\AUTH\889920198
_9336614
801 0 _aRU
_bNLR
_gpsbo
801 1 _aRU
_bELAR
_2rusmarc
852 _aNLR
_j75-4/6574
942 _cBOOK
980 _aNB